Dutch players in Premier League (2000-) - Statistics

General Stats
  • This quiz has been taken 142 times
  • The average score is 46 of 126
Answer Stats
Ranking Player Positions Nationality Matches Goals (assists) Periods Clubs % Correct
3 Virgil van Dijk DF 301 25 (8) 2015-2025
97%
1 Edwin van der Sar GK 313 0 (1) 2001-2011
96%
4 Robin van Persie FW 280 144 (53) 2004-2015
96%
81 Sepp van den Berg DF 31 0 (0) 2024-2025
92%
26 Cody Gakpo MF, FW 91 25 (11) 2022-2025
89%
6 Nathan Aké DF, MF 235 18 (7) 2012-2025
88%
15 Ruud van Nistelrooy FW 150 95 (14) 2001-2006
87%
14 Dennis Bergkamp FW 168 30 (44) 2000-2006
86%
10 Georginio Wijnaldum MF, FW 217 27 (15) 2015-2021
84%
12 Dirk Kuyt DF, FW 208 51 (27) 2006-2012
83%
41 Ryan Gravenberch MF 63 1 (4) 2023-2025
82%
38 Arjen Robben MF, FW 67 15 (16) 2004-2007
80%
109 Luuk de Jong FW 12 0 (1) 2013-2014
79%
23 Nigel de Jong MF 104 1 (2) 2008-2013
79%
92 Siem de Jong MF, FW 22 1 (1) 2014-2016
79%
82 Matthijs de Ligt DF 29 2 (0) 2024-2025
76%
27 Daley Blind DF, MF 90 4 (5) 2014-2018
75%
63 Micky van de Ven DF 40 3 (2) 2023-2025
75%
8 Tim Krul GK 222 0 (1) 2010-2015, 2019-2020, 2021-2022
74%
39 Justin Kluivert MF, FW 66 19 (7) 2023-2025
72%
86 Patrick Kluivert FW 25 6 (1) 2004-2005
72%
40 Rafael van der Vaart MF 63 24 (15) 2010-2013
69%
74 Memphis MF, FW 33 2 (0) 2015-2017
67%
57 Donny van de Beek MF, FW 42 3 (1) 2020-2024
66%
17 Joël Veltman DF 141 4 (4) 2020-2025
66%
77 Jurriën Timber DF 32 1 (3) 2023-2025
66%
9 Jimmy Floyd Hasselbaink FW 219 93 (39) 2000-2007
64%
43 Sven Botman DF 61 2 (2) 2022-2025
63%
102 Jaap Stam DF 16 0 (0) 2000-2002
62%
37 Jan Paul van Hecke DF 70 1 (1) 2022-2025
62%
42 Ronnie Stam DF, MF 62 1 (1) 2010-2013
62%
45 Bart Verbruggen GK 57 0 (1) 2023-2025
61%
21 Ryan Babel MF, FW 107 17 (8) 2007-2010, 2018-2019
60%
44 Steven Bergwijn MF, FW 60 7 (5) 2019-2022
60%
60 Ian Maatsen DF, MF, FW 41 1 (2) 2023-2025
57%
46 Maarten Stekelenburg GK 55 0 (0) 2013-2014, 2015-2017
57%
70 Wout Weghorst FW 37 2 (4) 2021-2023
57%
34 Mark Flekken GK 74 0 (3) 2023-2025
56%
11 Patrick van Aanholt DF 213 20 (15) 2009-2010, 2011-2012, 2014-2021
55%
24 Michel Vorm GK 102 0 (0) 2011-2019
54%
89 Tyrell Malacia DF 25 0 (0) 2022-2023, 2024-2025
54%
75 Joshua Zirkzee MF, FW 32 3 (1) 2024-2025
53%
18 John Heitinga DF, MF 129 3 (4) 2009-2014
50%
28 Kenny Tete DF, MF 89 2 (8) 2020-2021, 2022-2025
48%
47 Crysencio Summerville MF, FW 53 5 (3) 2021-2022, 2024-2025
47%
13 Boudewijn Zenden DF, FW 180 19 (16) 2001-2006, 2009-2011
43%
66 Tahith Chong MF, FW 38 4 (0) 2018-2019, 2023-2024
42%
103 Donyell Malen MF, FW 14 3 (0) 2024-2025
40%
79 Vincent Janssen FW 31 2 (2) 2016-2019
40%
33 Ron Vlaar DF 79 2 (2) 2012-2015
39%
59 Giovanni van Bronckhorst DF, MF 41 2 (2) 2001-2003
38%
29 Pascal Struijk DF, MF 85 4 (1) 2020-2023
38%
7 Erik Pieters DF, MF 225 1 (13) 2013-2017, 2019-2022
37%
16 Daryl Janmaat DF 145 8 (14) 2014-2020
35%
19 Leroy Fer MF 123 16 (8) 2013-2018
35%
69 Arnaut Danjuma MF, FW 37 2 (0) 2019-2020, 2022-2024
33%
116 Lamare Bogarde DF, MF 8 0 (0) 2024-2025
33%
87 Mats Wieffer DF, MF 25 1 (3) 2024-2025
33%
53 Timothy Fosu-Mensah DF 49 0 (1) 2015-2021
33%
115 Winston Bogarde DF 9 0 (0) 2000-2001
33%
31 Jaïro Riedewald DF, MF 80 2 (0) 2017-2018, 2019-2024
32%
99 Marco van Ginkel MF, FW 19 0 (0) 2013-2014, 2015-2016
32%
125 Chris David MF, FW 1 1 (0) 2013-2014
30%
5 Mario Melchiot DF 279 6 (10) 2000-2005, 2007-2010
30%
22 Davy Pröpper MF 107 2 (7) 2017-2021
29%
35 Anwar El Ghazi MF, FW 73 15 (5) 2019-2022
28%
117 Davy Klaassen MF 7 0 (0) 2017-2018
28%
73 Marten de Roon DF, MF 33 4 (0) 2016-2017
28%
65 Edgar Davids MF 40 1 (2) 2005-2007
27%
50 Bruno Martins Indi DF 52 1 (0) 2016-2018
26%
52 Ibrahim Afellay MF, FW 49 2 (2) 2015-2018
26%
114 Steven Berghuis MF, FW 9 0 (2) 2015-2016
26%
106 Alexander Büttner DF, MF 13 2 (1) 2012-2014
24%
90 Ed de Goey GK 23 0 (0) 2000-2003
24%
54 Sander Westerveld GK 47 0 (0) 2000-2001, 2005-2006
24%
71 Gustavo Hamer DF, MF 36 4 (6) 2023-2024
23%
108 Khalid Boulahrouz DF 13 0 (0) 2006-2007
22%
97 Ki-Jana Hoever DF, MF 20 0 (0) 2020-2022
22%
32 André Ooijer DF 79 2 (2) 2006-2009
20%
2 George Boateng MF 304 10 (12) 2000-2010
20%
121 Jeffrey Bruma DF 4 0 (0) 2009-2011
20%
94 Michael Reiziger DF 21 1 (1) 2004-2006
20%
78 Jan Vennegoor of Hesselink FW 31 3 (2) 2009-2010
19%
36 Jonathan de Guzmán MF 71 9 (9) 2012-2014
18%
55 Terence Kongolo DF 46 1 (1) 2017-2018, 2020-2021
18%
20 Arjan de Zeeuw DF 120 4 (4) 2003-2007
17%
105 Jan Kromkamp DF 14 0 (1) 2005-2007
17%
30 Wilfred Bouma DF 83 1 (2) 2005-2008
17%
98 Jetro Willems DF, MF 19 2 (2) 2019-2020
16%
68 Jordy Clasie MF 38 1 (1) 2015-2017
16%
111 Raimond van der Gouw GK 12 0 (0) 2000-2002
16%
88 Ricky van Wolfswinkel MF, FW 25 1 (1) 2013-2014
16%
126 Karim Rekik DF 1 0 (0) 2012-2013
15%
96 Andy van der Meyde MF, FW 20 0 (3) 2005-2006, 2008-2009
14%
25 Collins John FW 95 20 (3) 2003-2008
14%
101 Eljero Elia MF, FW 16 2 (0) 2014-2015
14%
93 Royston Drenthe DF, MF 21 3 (5) 2011-2012
14%
62 Wesley Hoedt DF 41 0 (1) 2017-2019
13%
91 Jeremain Lens MF, FW 22 3 (3) 2015-2017
11%
49 Denny Landzaat MF 52 5 (1) 2006-2008
9%
58 Kiki Musampa MF, FW 41 3 (3) 2004-2006
9%
80 Luciano Narsingh MF, FW 31 1 (2) 2016-2018
9%
107 Urby Emanuelson DF, MF, FW 13 1 (0) 2012-2013
9%
61 Marvin Emnes MF, FW 41 1 (0) 2008-2009, 2013-2016
7%
84 Jos Hooiveld DF, MF 28 0 (0) 2012-2014
6%
67 Rajiv van La Parra MF, FW 38 3 (0) 2017-2019
6%
112 Stefan Postma GK 11 0 (0) 2002-2005
6%
122 Erik Meijer FW 3 0 (0) 2000-2001
5%
76 Mike van der Hoorn DF 32 2 (0) 2016-2018
5%
83 Daniël de Ridder MF, FW 28 0 (2) 2007-2009
4%
51 Martijn Reuser MF 50 7 (6) 2000-2002
4%
48 Paul Bosvelt DF, MF 53 2 (1) 2003-2005
4%
72 Gianni Zuiverloon DF 35 0 (1) 2008-2009, 2010-2011
3%
123 Maceo Rigters FW 2 0 (0) 2007-2008
3%
95 Robert Molenaar DF 21 1 (0) 2000-2001
3%
113 Bobby Petta MF 9 0 (0) 2003-2004
2%
120 Dorus de Vries GK 4 0 (0) 2011-2012
2%
85 Dwight Tiendalli DF 27 1 (0) 2012-2015
2%
56 Fabian Wilnis DF 43 2 (3) 2000-2002
2%
64 Gerard Wiekens DF 40 2 (0) 2000-2001, 2002-2003
2%
110 Marvin Zeegelaar DF, FW 12 0 (1) 2017-2018
2%
100 Riga Mustapha MF, FW 18 0 (0) 2008-2010
2%
119 Sherjill MacDonald FW 5 0 (0) 2008-2009
2%
104 Willem Korsten MF 14 3 (0) 2000-2001
2%
118 Harald Wapenaar GK 5 0 (0) 2003-2004
1%
124 Nabil Abidallah MF 2 0 (0) 2000-2001
1%
No matching quizzes found
Score Distribution
Percent of People with Each Score
Percentile by Number Answered
Your Score History
You have not taken this quiz